000 00316nam a22001457a 4500
008 221020b ||||| |||| 00| 0 eng d
020 _a0316774758
041 _aeng
080 _a721
082 _a721 LIT
100 _a20.2
101 _aELE
245 _aRENAL AND ELECTROLYTE
_cLITTLE BROWN
942 _2udc
_cBK
999 _c58619
_d58619